000 00890nam a2200253 a 4500
001 715
003 BD-RjUL
005 20211208233224.0
008 131123s1964 ii b f001 0 eng
035 _a(BD-RjUL) 735
040 _aDLC
_cDLC
_beng
_d(BD-RjUL)
041 _aeng
082 0 0 _a016.954
_223
_bINB 1964
110 _aIndia.
_bNational Library, Calcutta
_9167770
245 0 2 _aA bibliography of Indology :
_benumerating basic publications on all aspects of Indian culture /
_cIndia. National Library, Calcutta , compiled by S. C. Dasgupta
260 _aCalcutta :
_bNational Library,
_c1964-
300 _a v. ;
_c24 cm.
500 _aIncludes indexes.
505 0 _aVol. 3, Bengali Language and Literature. Part-I, (Early Period) --
651 0 _aIndia
_xBibliography.
_92135
700 _aDasgupta, S. C. , comp.
_9167776
942 _2ddc
_cREF
999 _c715
_d715